[Event "European Blitz 2022"]
[Site "Katowice POL"]
[Date "2022.12.16"]
[Round "7.55"]
[White "Peyrer, Konstantin"]
[Black "Stevanic, David"]
[Result "1/2-1/2"]
[WhiteTitle "FM"]
[BlackTitle "FM"]
[WhiteElo "2380"]
[BlackElo "2249"]
[WhiteFideId "1640879"]
[BlackFideId "14613921"]
[EventDate "2022.12.16"]

1. d4 d5 2. c4 dxc4 3. Nf3 Nf6 4. g3 c5 5. Qa4+ Nc6 6. dxc5 e6 7. Bg2 Qa5+ 8.
Qxa5 Nxa5 9. Bd2 Nc6 10. Na3 Bxc5 11. Nxc4 O-O 12. O-O Rd8 13. Bf4 Nd5 14. Bd2
Bd7 15. Rfd1 Be8 16. Ng5 Be7 17. Ne4 Rac8 18. Ne3 Nd4 19. Nxd5 Nxe2+ 20. Kf1
exd5 21. Kxe2 Bb5+ 22. Ke1 dxe4 23. Bc3 Re8 24. Rd5 1/2-1/2

[Event "European Blitz 2022"]
[Site "Katowice POL"]
[Date "2022.12.16"]
[Round "7.56"]
[White "Arkell, Keith C"]
[Black "Salna, Aleksandras"]
[Result "1/2-1/2"]
[WhiteTitle "GM"]
[WhiteElo "2406"]
[BlackElo "2191"]
[WhiteFideId "400270"]
[BlackFideId "12807575"]
[EventDate "2022.12.16"]

1. d4 d5 2. Nf3 Nf6 3. c4 c6 4. Nc3 a6 5. e3 Bf5 6. Bd3 Bxd3 7. Qxd3 e6 8. O-O
Be7 9. Rb1 O-O 10. b4 Re8 11. a4 Nbd7 12. Rd1 h6 13. h3 Bf8 14. Bd2 e5 15. dxe5
Nxe5 16. Nxe5 Rxe5 17. Be1 Qe8 18. b5 dxc4 19. Qxc4 Rc5 20. Qb3 cxb5 21. axb5
Ne4 22. Nxe4 Qxe4 23. bxa6 bxa6 24. Qb7 Qxb7 25. Rxb7 a5 26. Ra1 a4 27. Bb4 Rc4
28. Bxf8 Kxf8 29. Ra3 g5 30. g4 Kg7 31. Kg2 Ra5 32. Kf3 Kg6 33. Rb6+ Kg7 34. Rd6
Rb4 35. Ra2 a3 36. Rd3 Rba4 37. Rb3 h5 38. Kg3 h4+ 39. Kf3 Ra6 40. Ke2 Kf6 41.
Kd3 Ke6 42. Rb5 f6 43. Kc3 Rd6 44. Kb3 Ra8 45. Rc2 a2 46. Rxa2 Rxa2 47. Kxa2
Rd2+ 48. Rb2 Rd1 49. Rb6+ Ke5 50. Rb5+ Ke4 51. Rf5 Rh1 52. Kb3 Rxh3 53. Rxf6 Rf3
54. Rg6 Rxf2 55. Rxg5 h3 56. Rh5 h2 57. g5 Kxe3 58. g6 Kd4 1/2-1/2

[Event "European Blitz 2022"]
[Site "Katowice POL"]
[Date "2022.12.16"]
[Round "7.57"]
[White "Monroy, Charles"]
[Black "Dzierzak, Radoslaw"]
[Result "0-1"]
[WhiteTitle "IM"]
[BlackTitle "FM"]
[WhiteElo "2395"]
[BlackElo "2211"]
[WhiteFideId "621641"]
[BlackFideId "1161407"]
[EventDate "2022.12.16"]

1. Nf3 Nf6 2. c4 e6 3. Nc3 d5 4. d4 Bb4 5. Qa4+ Nc6 6. e3 O-O 7. Qc2 Ne7 8. Bd2
c5 9. a3 Bxc3 10. Bxc3 Ne4 11. Bd3 Nxc3 12. bxc3 h6 13. cxd5 exd5 14. O-O c4 15.
Be2 Bf5 16. Qb2 Rb8 17. a4 Nc6 18. Nd2 Re8 19. Rae1 a6 20. Bf3 Bd3 21. Be2 Bxe2
22. Rxe2 b5 23. axb5 axb5 24. e4 b4 25. Rfe1 bxc3 26. Qxc3 dxe4 27. Rxe4 Rxe4
28. Rxe4 Qa5 29. Re3 Qxc3 30. Rxc3 Rb2 31. Nf1 Nxd4 32. Rxc4 Ne2+ 33. Kh1 Rb1
34. g3 Rxf1+ 35. Kg2 Rd1 36. Kf3 Nd4+ 37. Ke4 Ne6 38. Rc2 Kh7 39. h4 h5 40. Kf5
Rd4 41. Ke5 Rd1 42. Ke4 Kg6 43. Ra2 Kf6 44. Rb2 g6 45. Ra2 Ke7 46. Ke5 Re1+ 47.
Kd5 Kf6 48. Rb2 Kf5 49. Ra2 Rd1+ 50. Kc4 Rd7 0-1

[Event "European Blitz 2022"]
[Site "Katowice POL"]
[Date "2022.12.16"]
[Round "7.58"]
[White "Reza, Wojciech"]
[Black "Haydon, David L"]
[Result "1-0"]
[WhiteTitle "FM"]
[BlackTitle "FM"]
[WhiteElo "2290"]
[BlackElo "2289"]
[WhiteFideId "1151967"]
[BlackFideId "415405"]
[EventDate "2022.12.16"]

1. c4 c6 2. Nf3 d5 3. e3 Nf6 4. Nc3 g6 5. d4 Bg7 6. Be2 O-O 7. O-O Bf5 8. Qb3 b6
9. Bd2 dxc4 10. Bxc4 Ne4 11. Rfd1 b5 12. Be2 a5 13. a4 Nxd2 14. Nxd2 b4 15. Nce4
Nd7 16. Rac1 Qb6 17. Ng3 Be6 18. Bc4 Bxc4 19. Nxc4 Qa6 20. Ne4 Rac8 21. h3 h6
22. Ncd2 e5 23. Nd6 Rc7 24. d5 Nb8 25. N2e4 Kh7 26. Nb5 Rd7 27. dxc6 Rxd1+ 28.
Qxd1 Nxc6 29. Qd6 Nb8 30. Qd5 f5 31. Nc5 Qb6 32. Ne6 Rg8 33. Rc7 Na6 34. Rb7 Nc7
35. Rxc7 Kh8 36. Qd7 1-0

[Event "European Blitz 2022"]
[Site "Katowice POL"]
[Date "2022.12.16"]
[Round "7.59"]
[White "Maltsevskaya, Aleksandra"]
[Black "Bazakutsa, Svyatoslav"]
[Result "1-0"]
[WhiteTitle "IM"]
[WhiteElo "2400"]
[BlackElo "2318"]
[WhiteFideId "24174041"]
[BlackFideId "14198525"]
[EventDate "2022.12.16"]

1. e4 c6 2. d4 d5 3. e5 c5 4. Nf3 cxd4 5. Nxd4 Nc6 6. Nxc6 bxc6 7. Bd3 e6 8. O-O
Ne7 9. Nd2 Nf5 10. Bxf5 exf5 11. Nf3 Be7 12. Nd4 Bd7 13. Qf3 Qc8 14. Qg3 g5 15.
e6 fxe6 16. Re1 f4 17. Qh3 h5 18. Qd3 Kf7 19. h4 e5 20. Rxe5 Bf6 21. Nf3 gxh4
22. Bxf4 Qg8 23. Rae1 Qg4 24. Ng5+ Kg7 25. Re7+ Bxe7 26. Rxe7+ Kf8 27. Bd6 Qxg5
28. Re5+ Kf7 29. Rxg5 Rag8 30. Rxg8 Rxg8 31. Qh7+ Rg7 32. Qxh5+ Kg8 33. Be5 Re7
34. Qg6+ Kf8 35. Bd6 1-0

[Event "European Blitz 2022"]
[Site "Katowice POL"]
[Date "2022.12.16"]
[Round "7.60"]
[White "Koscielski, Janusz"]
[Black "Kacprzak, Karol"]
[Result "0-1"]
[WhiteTitle "FM"]
[WhiteElo "2260"]
[BlackElo "2226"]
[WhiteFideId "4614437"]
[BlackFideId "21819327"]
[EventDate "2022.12.16"]

1. e4 c5 2. c3 Nf6 3. e5 Nd5 4. Bc4 e6 5. Nf3 Nc6 6. d4 cxd4 7. cxd4 d6 8. O-O
Be7 9. Qe2 O-O 10. Rd1 b6 11. Bxd5 exd5 12. Nc3 Be6 13. Bf4 Qd7 14. Rac1 Rac8
15. exd6 Bxd6 16. Bxd6 Qxd6 17. Ne5 Ne7 18. Rd2 Nf5 19. Rcd1 Qb8 20. Qf3 Qb7 21.
Qf4 Rfd8 22. h3 h6 23. a3 Nd6 24. Re2 b5 25. Nd3 Re8 26. Nc5 Qc6 27. b4 Nc4 28.
Ra1 a5 29. Ree1 Ra8 30. Kh2 Kh8 31. h4 Qb6 32. g3 0-1

[Event "European Blitz 2022"]
[Site "Katowice POL"]
[Date "2022.12.16"]
[Round "7.61"]
[White "Lucchi, Lorenzo"]
[Black "Czerw, Dawid"]
[Result "0-1"]
[BlackTitle "IM"]
[WhiteElo "2084"]
[BlackElo "2373"]
[WhiteFideId "821160"]
[BlackFideId "1145746"]
[EventDate "2022.12.16"]

1. e4 c5 2. c3 Nf6 3. e5 Nd5 4. Nf3 Nc6 5. d4 cxd4 6. cxd4 d6 7. Bc4 dxe5 8.
dxe5 Ndb4 9. Qxd8+ Nxd8 10. Na3 a6 11. Bd2 e6 12. O-O Ndc6 13. Rfd1 Bd7 14. Rac1
Be7 15. Be3 Rc8 16. Bb3 Na5 17. Rxc8+ Bxc8 18. Ba4+ b5 19. Nxb5 axb5 20. Bxb5+
Kf8 21. a3 Nd5 22. Bd2 Nb3 23. Be1 g6 24. Bc4 Nc5 25. b4 Nb7 26. a4 Nxb4 27. Rb1
Nc6 28. Bb5 Nb8 29. a5 Nc5 30. Rc1 Ba6 31. Rxc5 Bxc5 0-1

[Event "European Blitz 2022"]
[Site "Katowice POL"]
[Date "2022.12.16"]
[Round "7.62"]
[White "Jablonicky, Martin"]
[Black "Dzhuguryan, Tygran"]
[Result "0-1"]
[WhiteTitle "FM"]
[WhiteElo "2388"]
[BlackElo "2134"]
[WhiteFideId "14925621"]
[BlackFideId "21872988"]
[EventDate "2022.12.16"]

1. e4 c6 2. d4 d5 3. exd5 cxd5 4. c4 Nf6 5. Nc3 e6 6. Nf3 Bb4 7. cxd5 exd5 8.
Bd3 O-O 9. O-O Bg4 10. h3 Bh5 11. Bg5 Bxc3 12. bxc3 Nbd7 13. Qb1 Qc7 14. g4 Bg6
15. Bxg6 hxg6 16. Bxf6 Nxf6 17. Qb3 Rac8 18. Rac1 Ne4 19. c4 dxc4 20. Qe3 Rfe8
21. Ne5 Nd6 22. Qf4 g5 23. Qh2 Qd8 0-1

[Event "European Blitz 2022"]
[Site "Katowice POL"]
[Date "2022.12.16"]
[Round "7.63"]
[White "Vedrickas, Tautvydas"]
[Black "Morkunas, Gustas"]
[Result "1-0"]
[WhiteTitle "FM"]
[BlackTitle "FM"]
[WhiteElo "2358"]
[BlackElo "2110"]
[WhiteFideId "12802654"]
[BlackFideId "12831026"]
[EventDate "2022.12.16"]

1. d4 d6 2. c4 e5 3. Nf3 e4 4. Ng1 f5 5. g3 Nf6 6. h4 Be7 7. Nc3 O-O 8. Nh3 c6
9. d5 Na6 10. Nf4 Nc7 11. Bh3 cxd5 12. cxd5 Bd7 13. Be3 b5 14. a3 a5 15. O-O Qb8
16. b4 Qb7 17. Qb3 axb4 18. axb4 Rxa1 19. Rxa1 Ra8 20. Ra5 Rxa5 21. bxa5 Kh8 22.
Bb6 Na8 23. Nxb5 Nxb6 24. Nd4 Bd8 25. Nfe6 Bxe6 26. Nxe6 Bc7 27. Nxc7 Qxc7 28.
axb6 Qb7 29. Bxf5 g6 30. Qb2 Kg7 31. Bxe4 Kf7 32. Bf3 Nd7 33. Qh8 Nf6 34. h5
Qxb6 35. h6 Qb1+ 36. Kg2 Ne8 37. Qxh7+ Kf6 38. Qg8 Ke7 39. h7 1-0

[Event "European Blitz 2022"]
[Site "Katowice POL"]
[Date "2022.12.16"]
[Round "7.64"]
[White "Piotrowski, Przemyslaw"]
[Black "Haug, Havard"]
[Result "1-0"]
[WhiteTitle "FM"]
[WhiteElo "2247"]
[BlackElo "2044"]
[WhiteFideId "1127063"]
[BlackFideId "1547887"]
[EventDate "2022.12.16"]

1. d4 d5 2. Nf3 Nf6 3. g3 g6 4. Bg2 Bg7 5. O-O O-O 6. c4 c6 7. cxd5 cxd5 8. Nc3
Nc6 9. Ne5 e6 10. Nxc6 bxc6 11. Bf4 Nd7 12. Rc1 e5 13. Be3 e4 14. Na4 Bb7 15.
Qd2 Rb8 16. b3 Re8 17. Bg5 Bf6 18. Bxf6 Qxf6 19. e3 Ba6 20. Rfe1 Bb5 21. Nc5
Nxc5 22. Rxc5 h5 23. Rec1 Rb6 24. h4 Reb8 25. R1c3 a5 26. Qc1 a4 27. b4 Bc4 28.
a3 Rb5 29. R5xc4 dxc4 30. Rxc4 1-0

[Event "European Blitz 2022"]
[Site "Katowice POL"]
[Date "2022.12.16"]
[Round "7.65"]
[White "Ternault, Mathieu"]
[Black "Kaliszuk, Kamil"]
[Result "1-0"]
[WhiteTitle "FM"]
[WhiteElo "2351"]
[BlackElo "2103"]
[WhiteFideId "20641532"]
[BlackFideId "21870160"]
[EventDate "2022.12.16"]

1. d4 d5 2. Nf3 Nf6 3. Bf4 e6 4. Nbd2 c5 5. e3 Bd6 6. dxc5 Bxc5 7. c4 Nc6 8. a3
a5 9. Rc1 Be7 10. cxd5 Nxd5 11. Bg3 O-O 12. Bc4 Nb6 13. Ba2 Bf6 14. Bb1 g6 15.
Qc2 e5 16. O-O Bf5 17. Ne4 Bg7 18. Qc5 Nd7 19. Qd6 Nf6 20. Nxf6+ Bxf6 21. Qc5 e4
22. Rfd1 Qc8 23. Ne5 Nxe5 24. Bxe5 Qxc5 25. Rxc5 Rfd8 26. Bd4 Bxd4 27. exd4 Rac8
28. Rxc8 Rxc8 29. Kf1 Kf8 30. Ke1 Ke7 31. Kd2 Kd6 32. Ke3 Kd5 33. Ba2+ Kd6 34.
Rd2 f6 35. Bb1 Kd5 36. h3 h5 37. Ba2+ Kd6 38. Bb1 Kd5 39. Rc2 Rc4 40. Ba2 b5 41.
a4 1-0

[Event "European Blitz 2022"]
[Site "Katowice POL"]
[Date "2022.12.16"]
[Round "7.66"]
[White "Karas, Marek"]
[Black "Parol, Pola"]
[Result "1-0"]
[WhiteTitle "FM"]
[BlackTitle "WFM"]
[WhiteElo "2240"]
[BlackElo "2041"]
[WhiteFideId "14928558"]
[BlackFideId "1163116"]
[EventDate "2022.12.16"]

1. e4 c5 2. Nc3 Nc6 3. Bb5 d6 4. f4 Nf6 5. Nf3 g6 6. O-O Bg7 7. Bxc6+ bxc6 8. d3
O-O 9. Qe1 e6 10. Qh4 Nd7 11. Qg3 Rb8 12. e5 d5 13. Kh1 Ba6 14. Rb1 Qe7 15. b3
c4 16. dxc4 dxc4 17. Rd1 cxb3 18. axb3 Nb6 19. Ra1 Bc8 20. Ba3 c5 21. Ne4 Nd7
22. Nd4 Bb7 23. Nc3 Qd8 24. Ndb5 a6 25. Nd6 Bc6 26. Nce4 Qb6 27. Qc3 Bxe4 28.
Nxe4 Rfd8 29. Nxc5 Nxc5 30. Bxc5 Qc6 1-0

[Event "European Blitz 2022"]
[Site "Katowice POL"]
[Date "2022.12.16"]
[Round "7.67"]
[White "Olde, Margareth"]
[Black "Wisniewski, Michal"]
[Result "0-1"]
[WhiteTitle "WIM"]
[BlackTitle "FM"]
[WhiteElo "2244"]
[BlackElo "2168"]
[WhiteFideId "4503082"]
[BlackFideId "1159682"]
[EventDate "2022.12.16"]

1. d4 Nf6 2. c4 c5 3. d5 b5 4. e3 bxc4 5. Bxc4 d6 6. Nf3 g6 7. O-O Bg7 8. Nc3
O-O 9. Qc2 Ba6 10. b3 Nfd7 11. Bb2 Nb6 12. Nd2 Bxc4 13. Nxc4 Na6 14. a3 Nc7 15.
Rad1 Qc8 16. e4 Qa6 17. Ne3 Rab8 18. Ne2 Bxb2 19. Qxb2 Nc4 20. Nxc4 Qxc4 21. Nc1
Qxe4 22. Rfe1 Qh4 23. Qe2 Rfe8 24. Rd3 Nb5 25. Rh3 Qg5 26. Nd3 Nd4 27. Qd1 Rxb3
28. Rg3 Qf5 29. Nc1 Rxg3 30. hxg3 Qxd5 31. Qa4 Qc6 32. Qxa7 Nf5 33. Nd3 Ra8 0-1

[Event "European Blitz 2022"]
[Site "Katowice POL"]
[Date "2022.12.16"]
[Round "7.68"]
[White "Grabarczyk, Miroslaw"]
[Black "Vidruska, Renate"]
[Result "1-0"]
[WhiteTitle "GM"]
[BlackTitle "WFM"]
[WhiteElo "2337"]
[BlackElo "1991"]
[WhiteFideId "1101684"]
[BlackFideId "11601841"]
[EventDate "2022.12.16"]

1. d4 Nf6 2. c4 e6 3. Nf3 b6 4. g3 Bb7 5. Bg2 Be7 6. O-O O-O 7. Re1 d6 8. Nc3
Ne4 9. Qc2 Nxc3 10. Ng5 Ne4 11. Bxe4 Bxe4 12. Qxe4 Bxg5 13. Qxa8 Bf6 14. Qe4 d5
15. cxd5 exd5 16. Qd3 Nc6 17. Be3 g6 18. Rac1 Ne7 19. Bf4 c6 20. Be5 Bg5 21. Bf4
Bf6 22. e4 dxe4 23. Qxe4 Qd7 24. Rcd1 Nd5 25. Bh6 Rd8 26. Kg2 a5 27. a3 Be7 28.
Rc1 Bd6 29. h3 Rc8 30. Rc2 Ne7 31. Bf4 Nf5 32. Bxd6 Qxd6 33. Qe5 Qxd4 34. Qxd4
Nxd4 35. Rd2 c5 36. Re7 Kf8 37. Rb7 Rc6 38. Rd3 h5 39. Re3 Ne6 40. Rb3 Rd6 41.
R7xb6 Rd4 42. Rb8+ Kg7 43. R8b7 h4 44. Re3 Kf6 45. Rf3+ Ke5 46. Rfxf7 hxg3 47.
Kxg3 Rd3+ 48. Rf3 Rd2 49. Re3+ 1-0

[Event "European Blitz 2022"]
[Site "Katowice POL"]
[Date "2022.12.16"]
[Round "7.69"]
[White "Strejczek, Dariusz"]
[Black "Luczak, Filip"]
[Result "1-0"]
[BlackTitle "FM"]
[WhiteElo "2149"]
[BlackElo "2326"]
[WhiteFideId "1122142"]
[BlackFideId "1193686"]
[EventDate "2022.12.16"]

1. e4 g6 2. f4 Bg7 3. Nf3 d5 4. e5 c5 5. g3 Nc6 6. Bg2 h5 7. d3 Bg4 8. h3 Bxf3
9. Qxf3 e6 10. c3 Nge7 11. Be3 Qb6 12. b3 Nf5 13. Bf2 d4 14. c4 Nb4 15. Qe2 Rd8
16. O-O O-O 17. Be4 Rfe8 18. g4 hxg4 19. hxg4 Ne7 20. Bh4 Qc7 21. Bf6 Rc8 22.
Qh2 Kf8 23. g5 Ng8 24. a3 Nc6 25. Nd2 Nce7 26. Kf2 Nf5 27. Nf3 Ne3 28. Rg1 Bxf6
29. gxf6 Red8 1-0

[Event "European Blitz 2022"]
[Site "Katowice POL"]
[Date "2022.12.16"]
[Round "7.70"]
[White "Lauda, Alexandr"]
[Black "Solys, Laimutis"]
[Result "1-0"]
[BlackTitle "FM"]
[WhiteElo "2032"]
[BlackElo "2289"]
[WhiteFideId "13903179"]
[BlackFideId "12800368"]
[EventDate "2022.12.16"]

1. e4 d6 2. d4 Nf6 3. Nc3 e5 4. Nge2 Be7 5. h3 O-O 6. g4 c6 7. a4 Nbd7 8. Bg2
Re8 9. Be3 Bf8 10. O-O exd4 11. Bxd4 Nc5 12. Ng3 Be6 13. b3 Nfd7 14. f4 f6 15.
Qd2 Bf7 16. Rae1 Qc7 17. Qf2 a5 18. h4 Rad8 19. g5 Ne6 20. Be3 Qb8 21. h5 b5 22.
g6 hxg6 23. hxg6 Bxg6 24. f5 Bf7 25. fxe6 Bxe6 26. Nf5 b4 27. Ne2 Ne5 28. Qg3 c5
29. Nf4 Bxf5 30. exf5 Nf7 31. Bd5 Re5 32. Qg6 Qc7 33. Ne6 Rxd5 34. Nxc7 Re5 35.
Bf4 Rxe1 36. Rxe1 Ne5 37. Bxe5 dxe5 38. Ne6 1-0

[Event "European Blitz 2022"]
[Site "Katowice POL"]
[Date "2022.12.16"]
[Round "7.71"]
[White "Ziogas, Modestas"]
[Black "Vardanyan, Aras"]
[Result "1-0"]
[BlackTitle "CM"]
[WhiteElo "2098"]
[BlackElo "2271"]
[WhiteFideId "12803740"]
[BlackFideId "12808792"]
[EventDate "2022.12.16"]

1. d4 Nf6 2. Nc3 d5 3. Bg5 Nbd7 4. Qd3 c5 5. O-O-O c4 6. Qf3 e6 7. e4 dxe4 8.
Nxe4 Be7 9. Bxc4 Nxe4 10. Bxe7 Qxe7 11. Qxe4 O-O 12. Nf3 Rb8 13. Ne5 Nf6 14. Qh4
Rd8 15. Bd3 h6 16. f3 Bd7 17. g4 Be8 18. Qf2 Nd5 19. Be4 Rbc8 20. Kb1 a5 21. h4
a4 22. a3 b5 23. Bxd5 Rxd5 24. c3 f6 25. Nd3 Bg6 26. Ka1 Bxd3 27. Rxd3 Rcd8 28.
Re3 Qf7 29. Qc2 h5 30. Rhe1 R8d6 31. Rg1 hxg4 32. fxg4 e5 33. dxe5 Rxe5 34. Rxe5
fxe5 35. Qe2 Qb3 36. g5 Qd5 37. g6 e4 38. Qg4 e3 39. Re1 Qd3 40. h5 Qd2 41. Qe2
Qxe2 42. Rxe2 Re6 43. Kb1 Kf8 44. Kc2 Re5 45. Kd3 Rxh5 46. Rxe3 Rg5 47. Re6 Rg2
48. Rb6 Rxb2 49. Kd4 Ke7 50. Ke5 Rb3 51. Rb7+ Kd8 52. Rxg7 Rxc3 53. Rb7 Rxa3 54.
g7 Rg3 55. g8=Q+ Rxg8 56. Rb8+ Kc7 57. Rxg8 Kc6 58. Kd4 1-0

[Event "European Blitz 2022"]
[Site "Katowice POL"]
[Date "2022.12.16"]
[Round "7.72"]
[White "Karvatskyi, Oleksii"]
[Black "Chyzy, Jakub"]
[Result "1-0"]
[BlackTitle "FM"]
[WhiteElo "1995"]
[BlackElo "2247"]
[WhiteFideId "14191059"]
[BlackFideId "21806209"]
[EventDate "2022.12.16"]

1. d4 Nf6 2. Nc3 d5 3. Bf4 a6 4. e3 e6 5. Nf3 Bd6 6. Ne5 Nfd7 7. Bd3 Nxe5 8.
dxe5 Be7 9. Qg4 g6 10. h4 h5 11. Qg3 Rg8 12. O-O-O c5 13. Qf3 Nc6 14. g4 Rh8 15.
gxh5 Rxh5 16. Rdg1 Rxh4 17. Rxh4 Bxh4 18. Qg2 Bd7 19. Bxg6 Qe7 20. Bxf7+ Qxf7
21. Qg8+ Ke7 22. Qxa8 d4 23. Qh8 dxc3 24. Qxh4+ Ke8 25. Qh8+ 1-0

[Event "European Blitz 2022"]
[Site "Katowice POL"]
[Date "2022.12.16"]
[Round "7.73"]
[White "Kondys, Piotr"]
[Black "Paehtz, Elisabeth"]
[Result "0-1"]
[BlackTitle "GM"]
[WhiteElo "1905"]
[BlackElo "2464"]
[WhiteFideId "21885575"]
[BlackFideId "4641833"]
[EventDate "2022.12.16"]

1. e4 c5 2. Nf3 d6 3. d4 cxd4 4. Nxd4 Nf6 5. Nc3 a6 6. g3 e5 7. Nde2 Be7 8. Bg2
O-O 9. a4 Be6 10. O-O Nbd7 11. h3 Rc8 12. Be3 Nb6 13. g4 Nc4 14. Bc1 Re8 15. b3
Na5 16. Bb2 Nc6 17. Nd5 Bf8 18. c4 Nd7 19. Bc1 a5 20. Be3 Nc5 21. Nec3 Qh4 22.
Qf3 Nxb3 23. Rab1 Nbd4 24. Qd1 Nb4 25. Qd2 h6 26. Bxd4 exd4 27. Qxd4 Nc6 28. Qd1
Ne5 29. Rxb7 Nxc4 30. Qd4 Rc5 31. f4 Qg3 32. f5 Bxd5 33. Nxd5 Ne5 34. Qf2 Qd3
35. Nf4 Qa3 36. f6 g6 37. Nd5 Qxa4 38. Nc7 Qc6 39. Nxe8 Qxb7 40. Qa2 Qd7 41. Ng7
Bxg7 42. fxg7 Kxg7 43. Rb1 Qe6 44. Qf2 Qf6 45. Qe2 Qf4 46. Ra1 Rc1+ 47. Rxc1
Qxc1+ 48. Kh2 Qf4+ 49. Kg1 Qc1+ 50. Kh2 Qc5 51. Qa2 Qb4 52. Qd5 a4 53. Qd2 0-1

[Event "European Blitz 2022"]
[Site "Katowice POL"]
[Date "2022.12.16"]
[Round "7.74"]
[White "Gretarsson, Helgi Ass"]
[Black "Krainski, Aleksander"]
[Result "1-0"]
[WhiteTitle "GM"]
[BlackTitle "FM"]
[WhiteElo "2451"]
[BlackElo "2046"]
[WhiteFideId "2300699"]
[BlackFideId "1102400"]
[EventDate "2022.12.16"]

1. d4 d5 2. c4 e6 3. Nc3 Nf6 4. Bf4 Be7 5. e3 O-O 6. Qc2 c6 7. h3 Nbd7 8. Nf3 a6
9. Rd1 dxc4 10. Bxc4 b5 11. Bd3 Bb7 12. e4 h6 13. O-O Re8 14. a3 Qb6 15. b4 a5
16. Rb1 axb4 17. axb4 Ra3 18. Bc1 Raa8 19. Bd2 Ra3 20. e5 Nd5 21. Ne4 Rea8 22.
Nc5 Bxc5 23. dxc5 Qc7 24. Rfe1 Ra2 25. Rb2 Ra1 26. Rbb1 R1a2 27. Qc1 R8a3 28.
Bc2 Ra8 29. Bb3 R2a3 30. Bxh6 gxh6 31. Qxh6 Nf8 32. Re4 Ne7 33. Rg4+ Nfg6 34.
Ng5 Nf5 35. Qh7+ Kf8 36. Nxe6+ 1-0

[Event "European Blitz 2022"]
[Site "Katowice POL"]
[Date "2022.12.16"]
[Round "7.75"]
[White "Rozman, Monika"]
[Black "Asllani, Muhamet"]
[Result "0-1"]
[WhiteTitle "WFM"]
[WhiteElo "2125"]
[BlackElo "2228"]
[WhiteFideId "14609118"]
[BlackFideId "22100300"]
[EventDate "2022.12.16"]

1. e4 e5 2. Nf3 Nc6 3. Bc4 Nf6 4. d3 Bc5 5. O-O d6 6. c3 Bg4 7. h3 Bh5 8. Nbd2
h6 9. b4 Bb6 10. a4 a6 11. Re1 O-O 12. Nf1 Qd7 13. Ng3 Bg6 14. Nh4 Kh7 15. Qf3
Rad8 16. Nhf5 d5 17. Bb3 dxe4 18. dxe4 Qd3 19. Qxd3 Rxd3 20. Bb2 Nxb4 21. Bc4
Rd2 22. Bc1 Bxf2+ 23. Kh2 Bxe1 24. cxb4 Rc2 25. Bd3 Rc3 26. Be2 Bxg3+ 27. Kh1
Bxf5 28. exf5 Bf4 29. Bxf4 exf4 30. Bf3 c6 31. b5 axb5 32. axb5 cxb5 33. Bxb7 b4
34. Rb1 b3 35. Bf3 Rb8 36. Be2 b2 37. Kh2 Rc1 38. Bd3 Rxb1 39. Bxb1 Nd5 40. g4
fxg3+ 41. Kg2 Nc3 42. Bd3 Rd8 0-1

[Event "European Blitz 2022"]
[Site "Katowice POL"]
[Date "2022.12.16"]
[Round "7.76"]
[White "Kushnir, Oleg"]
[Black "De Filomeno, Simone"]
[Result "0-1"]
[BlackTitle "IM"]
[WhiteElo "1554"]
[BlackElo "2450"]
[WhiteFideId "148062099"]
[BlackFideId "828688"]
[EventDate "2022.12.16"]

1. d4 d5 2. c4 e6 3. Nf3 a6 4. g3 dxc4 5. a4 c5 6. Nc3 Nf6 7. Bg2 Nc6 8. e3 cxd4
9. exd4 Be7 10. O-O O-O 11. Re1 Rb8 12. Bf4 Bd6 13. Ne5 Bxe5 14. dxe5 Nd7 15.
Qe2 Nd4 16. Qe4 Nc5 17. Qb1 Nd3 18. Rd1 b5 19. b4 Bb7 20. Ne4 Ne2+ 21. Kf1 Bxe4
22. Bxe4 Nc3 23. Rxd3 cxd3 24. Qxd3 Nxe4 25. Qxe4 bxa4 26. Rxa4 Qd1+ 0-1

[Event "European Blitz 2022"]
[Site "Katowice POL"]
[Date "2022.12.16"]
[Round "7.77"]
[White "Thorfinnsson, Bjorn"]
[Black "Caprino, Marco"]
[Result "1-0"]
[WhiteTitle "IM"]
[WhiteElo "2374"]
[BlackElo "2074"]
[WhiteFideId "2300982"]
[BlackFideId "841323"]
[EventDate "2022.12.16"]

1. d4 g6 2. Nf3 Bg7 3. Bg5 c5 4. c3 Nf6 5. e3 Ne4 6. Bf4 O-O 7. Bd3 d5 8. Nbd2
Nxd2 9. Qxd2 Nc6 10. O-O b6 11. Rad1 cxd4 12. exd4 Bg4 13. Be2 e6 14. h3 Bxf3
15. Bxf3 Na5 16. Bg5 Bf6 17. Bf4 Rc8 18. Rfe1 Qd7 19. g3 Qb5 20. b3 Qc6 21. Rc1
Rfd8 22. h4 Qe8 23. h5 Qf8 24. Bg4 Qg7 25. Bh6 Qh8 26. hxg6 hxg6 27. Kg2 Bg7 28.
Bg5 Bf6 29. Bf4 Qg7 30. Bh6 Qh8 31. Rxe6 Bxd4 32. cxd4 Rxc1 33. Qxc1 fxe6 34.
Bxe6+ Kh7 35. Bg5 Kg7 36. Qc7+ 1-0

[Event "European Blitz 2022"]
[Site "Katowice POL"]
[Date "2022.12.16"]
[Round "7.78"]
[White "Karolczuk, Iwo"]
[Black "Dubnevych, Maksym"]
[Result "1-0"]
[WhiteTitle "FM"]
[WhiteElo "2327"]
[BlackElo "2139"]
[WhiteFideId "21816972"]
[BlackFideId "14184001"]
[EventDate "2022.12.16"]

1. e4 c5 2. Nc3 Nc6 3. Bb5 Nd4 4. Bc4 e6 5. Nf3 Ne7 6. Nxd4 cxd4 7. Ne2 Nc6 8.
O-O Bc5 9. d3 O-O 10. a3 Kh8 11. b4 Bb6 12. Bb2 a6 13. f4 d5 14. exd5 exd5 15.
Bb3 Qd6 16. Ng3 f5 17. Qf3 Be6 18. Bc1 Rae8 19. Bd2 a5 20. b5 Nb8 21. Rfe1 Nd7
22. Re2 Nc5 23. Ba2 Ne4 24. Bb3 Bd7 25. a4 Nxd2 26. Rxd2 Re3 27. Qxd5 Qxf4 28.
Qxd7 Rfe8 29. Rf1 Re1 30. Rf2 Rxf1+ 31. Nxf1 Qe5 32. Qxf5 Qe7 33. Qf7 1-0

[Event "European Blitz 2022"]
[Site "Katowice POL"]
[Date "2022.12.16"]
[Round "7.79"]
[White "Diermair, Andreas"]
[Black "Rog, Bartlomiej"]
[Result "1-0"]
[WhiteTitle "GM"]
[WhiteElo "2446"]
[BlackElo "1969"]
[WhiteFideId "1612468"]
[BlackFideId "21857377"]
[EventDate "2022.12.16"]

1. d4 d5 2. c4 dxc4 3. e3 e5 4. Bxc4 Nc6 5. Nf3 e4 6. Nfd2 f5 7. O-O Nf6 8. Nc3
Bd6 9. f3 Qe7 10. fxe4 fxe4 11. h3 Bd7 12. Nd5 Nxd5 13. Qh5+ g6 14. Qxd5 O-O-O
15. Nxe4 Bf5 16. Nxd6+ Rxd6 17. Qf3 Be4 18. Qf4 Rdd8 19. Bd2 Rhf8 20. Qg3 Kb8
21. a3 Rxf1+ 22. Rxf1 Rf8 23. Rxf8+ Qxf8 24. Qh4 Qf5 25. Qxh7 a6 26. Qg8+ Ka7
27. Qf7 Qg5 28. Qf2 Qh5 29. Be2 Qd5 30. Bc3 Ne7 31. Bf3 Nf5 32. Bd2 Qe6 33. Be2
Qa2 34. Bc3 Qb1+ 35. Kh2 Qc1 36. Bf3 Nxe3 37. d5 Bxf3 38. Bd4+ b6 39. Bxe3 Qc4
40. Qxf3 1-0